El caballero de la armadura oxidada
-д хадгалсан:
| Үндсэн зохиолч: | |
|---|---|
| Формат: | Ном |
| Хэл сонгох: | испани |
| Хэвлэсэн: |
Barcelona
Obelisco
2007
|
| Хэвлэл: | 8a. ed |
| Цуврал: | Colección Nueva Consciencia
|
| Нөхцлүүд: | |
| Шошгууд: |
Шошго нэмэх
Шошго байхгүй, Энэхүү баримтыг шошголох эхний хүн болох!
|
MARC
| LEADER | 00000nam a2200000 a 4500 | ||
|---|---|---|---|
| 001 | UCI1420 | ||
| 003 | CL-VaPUC | ||
| 008 | 070629e20070000SP |||||||||||||||||spa|d | ||
| 020 | |a 9788497772303 | ||
| 082 | 0 | 4 | |a 813 |b FIS |2 21 |
| 100 | 0 | |a Fisher, Robert |e author |9 518998 | |
| 245 | 1 | 3 | |a El caballero de la armadura oxidada |
| 250 | |a 8a. ed | ||
| 300 | |a 108 p | ||
| 942 | |c BK | ||
| 945 | |d 20070629 00:00:00 |a jtorresc | ||
| 260 | |a Barcelona |b Obelisco |c 2007 | ||
| 650 | 0 | |a Literatura estadounidense |9 317168 | |
| 583 | |a last modification |c 20070629 00:00:00 |k Rodrigo Vera | ||
| 490 | 0 | |a Colección Nueva Consciencia | |
| 999 | |c 326243 |d 326241 | ||
| 952 | |0 0 |1 0 |4 0 |6 813_000000000000000_FIS_2007 |7 0 |8 A |9 408033 |a BIBEDU |b BIBEDU |d 2019-11-22 |i 4351673 |o 813 FIS 2007 |p 4351673 |r 2019-11-22 |w 2019-11-22 |y BK |k EPE | ||
| 952 | |0 0 |1 0 |4 0 |6 813_000000000000000_FIS_2007 |7 0 |8 A |9 408034 |a BIBEDU |b BIBEDU |d 2019-11-22 |i 4351681 |o 813 FIS 2007 |p 4351681 |r 2019-11-22 |w 2019-11-22 |y BK |k EPE | ||
| 952 | |0 0 |1 0 |4 0 |6 813_000000000000000_FIS_2007 |7 0 |8 A |9 408035 |a BIBEDU |b BIBEDU |d 2019-11-22 |i 445927K |l 2 |m 1 |o 813 FIS 2007 |p 445927K |r 2023-04-21 |s 2023-03-23 |w 2019-11-22 |y BK |k EBA | ||
| 952 | |0 0 |1 0 |4 0 |6 813_000000000000000_FIS_2007 |7 0 |8 A |9 408036 |a BIBEDU |b BIBEDU |d 2019-11-22 |i 4459288 |l 2 |m 1 |o 813 FIS 2007 |p 4459288 |r 2023-09-20 |s 2023-08-31 |w 2019-11-22 |y BK |k EBA | ||
| 952 | |0 0 |1 0 |4 0 |6 813_000000000000000_FIS_2007 |7 0 |8 A |9 408037 |a BIBEDU |b BIBEDU |d 2019-11-22 |i 4459296 |l 1 |o 813 FIS 2007 |p 4459296 |r 2023-08-31 |s 2023-08-24 |w 2019-11-22 |y BK |k EBA | ||
| 952 | |0 0 |1 0 |4 0 |6 813_000000000000000_FIS_2007 |7 0 |8 A |9 408038 |a BIBEDU |b BIBEDU |d 2019-11-22 |i 4469747 |o 813 FIS 2007 |p 4469747 |r 2019-11-22 |w 2019-11-22 |y BK |k EBA | ||
| 952 | |0 0 |1 0 |4 0 |6 813_000000000000000_FIS_2007 |7 0 |8 A |9 408039 |a BIBEDU |b BIBEDU |d 2019-11-22 |i 4469755 |l 1 |o 813 FIS 2007 |p 4469755 |r 2023-07-17 |s 2023-06-09 |w 2019-11-22 |y BK |k EBA | ||